000 00521nam a2200157Ia 4500
999 _c21771
_d21771
003 OSt
005 20200612143002.0
008 190216s9999||||xx |||||||||||||| ||und||
040 _coclc
082 _a016.95403
_bKHA/S
100 _aKhan, Shafaat Ahamad
_92854
245 0 _aSources For The History Of British India In The Seventeenth Century /
_cShafaat Ahamad Khan
260 _bCosmo Publications,
_c1978.
_aNew Delhi:
300 _a388p
942 _cBK
_2ddc
_h016.95403
_iKHA/S
_k016.95403
_mKHA/S